UM Logo
Normal view MARC view
  • Psychology

Entry Topical Term

Number of records used in: 1

001 - CONTROL NUMBER

  • control field: 40818

003 - CONTROL NUMBER IDENTIFIER

  • control field: OSt

005 - DATE AND TIME OF LATEST TRANSACTION

  • control field: 20191205153728.0

008 - FIXED-LENGTH DATA ELEMENTS

  • fixed length control field: 191205|| aca||aabn | a|a d

040 ## - CATALOGING SOURCE

  • Original cataloging agency: OSt
  • Transcribing agency: OSt

150 ## - HEADING--TOPICAL TERM

  • Topical term or geographic name entry element: Psychology
  • General subdivision: Psychological distance.

670 ## - SOURCE DATA FOUND

  • Source citation: Work cat.: (OSt)14472: 39966 Wong, Vincent Chi., Mental traveling along psychological distances: , c2016.